| 000 | 00668nam a2200265 a 4500 | ||
|---|---|---|---|
| 003 | AR-BaBNM | ||
| 005 | 20251128204646.0 | ||
| 008 | 082120s2002 ||||||||||||||000 | spa|| | ||
| 020 | _a950-9831-26-3 | ||
| 040 | _cAR-BaBNM | ||
| 100 | 1 | _aZemborain, Hebe | |
| 245 | 0 | 0 | _aLa barra de Hernán |
| 260 |
_aBuenos Aires _bMétodos _c1992 |
||
| 300 |
_a62 p. _bil. |
||
| 490 | 0 |
_aLa pluma encantada _vv. 6 |
|
| 500 | _aSe recomienda a partir de los 12 años | ||
| 650 | 4 | _aLITERATURA INFANTIL | |
| 650 | 4 | _aAMOR | |
| 650 | 4 | _aADOLESCENCIA | |
| 650 | 4 | _aESCUELAS | |
| 655 | _aLITERATURA | ||
| 700 | 1 |
_aLobo, Silvina _eilustrador |
|
| 942 | _cBK | ||
| 998 | _cisola | ||
| 999 |
_c8266 _d8266 |
||